000 00226nam a22000857a 4500
008 170526b xxu||||| |||| 00| 0 eng d
100 _93121
_aFagg.H.
245 _aA Study of Gandhiji Basic Education
260 _aNew Delhi
_bNBIT
_c2008
999 _c6409
_d6409